LEADER 02057nam0 22004453i 450 001 BVE0859912 005 20251003044100.0 010 $a9788838697364 100 $a20201209d2020 ||||0itac50 ba 101 | $aita$cita 102 $ait 181 1$6z01$ai $bxxxe 182 1$6z01$an 183 1$6z01$anc$2RDAcarrier 200 1 $aGestione delle imprese internazionali$fMatteo Caroli 205 $a4. ed 210 $aMilano$cMcGraw-Hill$d2020 215 $aXI, 262 p.$d24 cm. 500 10$aGestione delle imprese internazionali$3TSA1701783$9CFIV102945$967857 606 $aImprese multinazionali$xGestione$2FIR$3CFIC059352$9E 676 $a658.1599$9Gestione finanziaria. Imprese internazionali$v20 676 $a658.1599$9Gestione finanziaria d'imprese di specifica dimensione, portata, forma. Imprese internazionali$v23 696 $aMultinazionali$aImprese internazionali$aSocietà internazionali$aSocietà multinazionali$aAziende multinazionali 699 $aImprese multinazionali$yMultinazionali 699 $aImprese multinazionali$yImprese internazionali 699 $aImprese multinazionali$zSocietà internazionali 699 $aImprese multinazionali$ySocietà multinazionali 699 $aImprese multinazionali$yAziende multinazionali 700 1$aCaroli$b, Matteo G.$3CFIV102945$4070$0437332 790 1$aCaroli$b, Matteo$3CFIV181400$zCaroli, Matteo G. 790 1$aCaroli$b, Matteo Giuliano$3CFIV365828$zCaroli, Matteo G. 790 1$aCaroli$b, Matteo$3CFIV181400$zCaroli, Matteo G. 801 3$aIT$bIT-000000$c20201209 850 $aIT-BN0095 901 $bNAP 01$cBCA $nComprende monografie e periodici di diritto, testi di ingegneria, di scienze e tecnologia di nuova acquisizione. 912 $aBVE0859912 950 0$aBiblioteca Centralizzata di Ateneo$b1 v.$c1 v.$d 01BCA SC. SOCIAL 734$e 01 0000080525 VMA A4 1 v.$fA $h20220509$i20220509 977 $a 01 996 $aGestione delle imprese internazionali$967857 997 $aUNISANNIO